Państwa z którymi Polska była w konflikcie zbrojnym - Statystyki

Ogólne statystyki
  • Ten quiz został rozwiązany 27 razy
  • Średni wynik to 122 z 282
Statystyki odpowiedzi
Lata Państwo % Poprawnych
1002-1005 | 1028-1031 | 1038-1039 | +16 others Czechy
100%
1939-1945 III Rzesza
100%
1918-1919 | 1919-1921 Niemcy
100%
1587-1588 | 1794 | 1797-1814 | +2 others Austria
96%
1561-1570 | 1575 | 1577-1582 | +11 others Rosja
96%
1919-1920 Rosyjska FSRR
96%
1561-1570 | 1598-1599 | 1600-1611 | +6 others Szwecja
91%
1051 | 1086 | 1126 | +10 others Węgry
91%
1262 | 1282-1283 | 1291-1306 | +3 others Litwa
87%
1918-1919 Ukraińska Republika Ludowa
87%
1919-1920 Ukraińska SRR
87%
1939 ZSRR
87%
1939 Słowacja
83%
1939-1945 Włochy
83%
2003-2011 Irak
74%
2002-2021 Afganistan
65%
1454-1466 | 1571 Dania
65%
1444 | 1485-1503 | 1524 | +7 others Imperium Osmańskie
65%
1656-1657 | 1794 | 1797-1814 | +2 others Prusy
65%
1919 | 1938 | 1945 | 1968 Czechosłowacja
57%
1797-1814 Wielka Brytania
39%
1359 | 1368 | 1431 | +10 others Mołdawia
35%
981 | 1013 | 1018-1019 | +8 others Ruś Kijowska
35%
1238-1240 | 1247-1252 | 1265-1278 | +7 others Brandenburgia
26%
1431-1435 | 1438 | 1453 | +33 others Chanat Krymski
26%
1308 | 1309 | 1327-1332 | +11 others Zakon krzyżacki
26%
1340-1392 | 1399 Złota Orda
26%
1576-1577 Gdańsk
22%
1591-1593 | 1594-1596 | 1625 | +9 others Kozacy
22%
1002-1005 | 967 | 985 | +2 others Wieleci
22%
1500-1503 | 1506 | 1507-1508 | +2 others Wielkie Księstwo Moskiewskie
22%
1241 | 1259 | 1287-1288 Imperium Mongolskie
17%
1599-1600 | 1619 | 1655-1660 Siedmiogród
17%
1002-1005 | 1007-1013 | 1015-1018 | +6 others Święte Cesarstwo Rzymskie
13%
1994-1995 Haiti
9%
1015 | 1194 | 1248-1255 | +2 others Jaćwingowie
9%
1327-1332 | 1370 | 1381-1385 | 1495 Księstwo mazowieckie
9%
1209-1211 | 972 Marchia Łużycka
9%
1015 | 1108 | 1110-1111 | +6 others Prusowie
9%
1939-1945 Generalne Gubernatorstwo
4%
1332 | 1343 Księstwo głogowskie
4%
1121-1124 | 1135 | 1144-1146 | +13 others Księstwo Halickie
4%
1391-1401 Księstwo oleśnickie
4%
1450-1454 Księstwo toszeckie
4%
1038-1047 Państwo Miecława
4%
967 Wolinianie
4%
1599-1600 | 1620-1621 | 1633-1634 Wołoszczyzna
4%
1918-1919 Zachodnioukraińska Republika Ludowa
4%
1454-1466 | 1557 Zakon inflancki
4%
1457-1458 Księstwo oświęcimskie
0%
1323 Księstwo płockie
0%
963 Marchia Wschodnia
0%
995 Obodryci
0%
1103-1023 Pomorzanie
0%
1154-1155 Saraceni
0%
1225-1230 Turyngia
0%
1018-1019 Waregowie
0%
Nie znaleziono quizów pasujących do podanych kryteriów
Rozkład punktacji
Procent ludzi z każdym wynikiem
Percentyl według liczby udzielonych odpowiedzi
Twoja historia wyników
Nie rozwiązałeś tego quizu